Loading...
| History - American | 0 | 8 | 0 | 0 | 80 | 96 | 112.63 | 3 | 4 | 0.00 | 0.00 |
| Literature - American | 0 | 6 | 0 | 1 | 60 | 98 | 130.50 | 0 | 1 | 0.00 | 0.00 |
| Fine Arts - Other | 0 | 6 | 0 | 1 | 60 | 55 | 104.83 | 0 | 0 | 0.00 | 0.00 |
| History - European | 0 | 6 | 0 | 4 | 60 | 72 | 113.33 | 1 | 2 | 0.00 | 0.00 |
| Literature - European | 0 | 6 | 1 | 1 | 55 | 127 | 136.67 | 0 | 0 | 0.00 | 0.00 |
| Science - Biology | 0 | 5 | 0 | 2 | 50 | 71 | 106.60 | 0 | 1 | 0.00 | 0.00 |
| History - Other | 0 | 5 | 1 | 1 | 45 | 48 | 102.60 | 2 | 2 | 0.00 | 0.00 |
| Social Science | 0 | 4 | 1 | 1 | 35 | 113 | 122.25 | 0 | 1 | 0.00 | 0.00 |
| Fine Arts - Painting and Sculpture | 0 | 4 | 1 | 3 | 35 | 116 | 130.00 | 0 | 1 | 0.00 | 0.00 |
| History - World | 0 | 4 | 2 | 1 | 30 | 68 | 108.75 | 0 | 0 | 0.00 | 0.00 |
| Literature - British | 0 | 3 | 0 | 0 | 30 | 104 | 126.67 | 0 | 0 | 0.00 | 0.00 |
| Philosophy | 0 | 3 | 0 | 1 | 30 | 74 | 97.33 | 0 | 1 | 0.00 | 0.00 |
| Other Academic | 0 | 2 | 0 | 0 | 20 | 97 | 99.50 | 0 | 1 | 0.00 | 0.00 |
| Literature - World | 0 | 2 | 0 | 0 | 20 | 88 | 116.00 | 0 | 1 | 0.00 | 0.00 |
| Fine Arts - Classical Music | 0 | 3 | 2 | 0 | 20 | 106 | 122.67 | 0 | 1 | 0.00 | 0.00 |
| Science - Chemistry | 0 | 2 | 0 | 1 | 20 | 106 | 115.00 | 0 | 0 | 0.00 | 0.00 |
| Current Events | 0 | 1 | 0 | 0 | 10 | 95 | 95.00 | 0 | 0 | 0.00 | 0.00 |
| Pop Culture | 0 | 1 | 0 | 0 | 10 | 121 | 121.00 | 0 | 0 | 0.00 | 0.00 |
| Science - Other | 0 | 1 | 0 | 1 | 10 | 118 | 118.00 | 0 | 0 | 0.00 | 0.00 |
| Mythology | 0 | 1 | 1 | 0 | 5 | 110 | 110.00 | 0 | 0 | 0.00 | 0.00 |
| Geography | 0 | 1 | 1 | 1 | 5 | 139 | 139.00 | 0 | 0 | 0.00 | 0.00 |
| Science - Physics | 0 | 0 | 0 | 0 | 0 | 0.00 | 0 | 0 | 0.00 | 0.00 | |
| Religion | 0 | 1 | 3 | 1 | -5 | 140 | 140.00 | 1 | 1 | 0.00 | 0.00 |